Disney Channel or Disney XD - Statistics

General Stats
  • This quiz has been taken 616 times
  • The average score is 14 of 15
Answer Stats
Question Answer % Correct
Hannah Montana Disney Channel
98%
Good Luck Charlie Disney Channel
98%
That's So Raven Disney Channel
96%
Jessie Disney Channel
96%
Liv and Maddie Disney Channel
94%
Lab Rats Disney XD
94%
Kick Buttowski: Suburban Daredevil Disney XD
93%
Lizzie McGuire Disney Channel
92%
Shake It Up Disney Channel
91%
Mighty Med Disney XD
90%
Pair of Kings Disney XD
89%
Zeke and Luther Disney XD
88%
Crash & Bernstein Disney XD
87%
Kickin' It Disney XD
86%
Ant Farm Disney Channel
83%
No matching quizzes found
Score Distribution
Percent of People with Each Score
Percentile by Number Answered
Your Score History
You have not taken this quiz